000 00225 a2200097 4500
001 53183
100 _aLewis, R W
245 _aNumerical Methods in Heat Transfer
260 _aNew York
_bJohn Wiley
_c
090 _c33469
_d33469
942 _aNUST-CAE
_cM
_c26079
999 _c288256
_d288256